Vận hành toàn cầu hoá = Making globalization work

সংরক্ষণ করুন:
গ্রন্থ-পঞ্জীর বিবরন
প্রধান লেখক: Stiglitz, Joseph E
বিন্যাস: গ্রন্থ
প্রকাশিত: Nxb. Trẻ 2008
ট্যাগগুলো: ট্যাগ যুক্ত করুন
কোনো ট্যাগ নেই, প্রথমজন হিসাবে ট্যাগ করুন!
Thư viện lưu trữ: Mạng thư viện Đại học Đà Nẵng
LEADER 00604nam a2200229 a 4500
001 000029653
003 32586
005 20171030145630.0
008 171030s2008
020 |c 92000 
040 |a LTT 
082 0 |a 337  |b ST-J 
100 1 |a Stiglitz, Joseph E 
245 0 0 |a Vận hành toàn cầu hoá = Making globalization work  |c Joseph E. Stiglitz ; người dịch : Lê Nguyễn. 
260 |b Nxb. Trẻ  |c 2008 
OWN |a LTT 
999 |a From the UDN01 
TYP |a Monograph 
TYP |a Printed language 
980 |a Mạng thư viện Đại học Đà Nẵng